000
00256nam a2200109Ia 4500
999
_c
8405
_d
8405
020
_a
978-1861004765
100
_a
Louis Davidson
245
0
_a
Professional SQL Server 2000 Database Design
260
_a
UK
_b
McGraw Hill
_c
1994
300
_a
521
942
_c
BK